Départements français dans l'ordre - Statistiques

Statistiques générales
  • Ce quiz a été pris 2 624 fois
  • Le résultat moyen est 64 sur 101
Statistiques - réponses
Numéro Nom du département % Correct
1 Ain
97%
2 Aisne
92%
3 Allier
86%
6 Alpes-Maritimes
84%
11 Aude
81%
10 Aube
80%
5 Hautes-Alpes
80%
7 Ardêche
79%
13 Bouches-du-Rhône
79%
2A Corse-du-Sud
79%
2B Haute-Corse
79%
42 Loire
79%
29 Finistère
76%
4 Alpes de Haute-Provence
75%
8 Ardennes
75%
9 Ariège
75%
14 Calvados
74%
12 Aveyron
73%
15 Cantal
73%
16 Charente
72%
45 Loiret
71%
17 Charente-Maritime
70%
18 Cher
70%
33 Gironde
70%
19 Corrèze
69%
21 Côte-d'Or
69%
22 Côtes d'Armor
69%
25 Doubs
69%
27 Eure
69%
75 Paris
69%
23 Creuse
68%
24 Dordogne
68%
30 Gard
68%
44 Loire-Atlantique
68%
36 Indre
67%
41 Loir-et-Cher
67%
59 Nord
67%
28 Eure-et-Loir
66%
34 Hérault
66%
37 Indre-et-Loire
66%
26 Drôme
65%
32 Gers
64%
38 Isère
64%
39 Jura
64%
69 Rhône
64%
31 Haute-Garonne
63%
35 Îlle-et-Vilaine
63%
974 La Réunion
63%
51 Marne
63%
971 Guadeloupe
62%
46 Lot
62%
54 Meurthe-et-Moselle
62%
57 Moselle
62%
78 Yvelines
62%
67 Bas-Rhin
61%
972 Martinique
61%
60 Oise
61%
62 Pas-de-Calais
61%
43 Haute-Loire
60%
68 Haut-Rhin
60%
50 Manche
60%
93 Seine-St-Denis
60%
83 Var
60%
40 Landes
59%
74 Haute-Savoie
58%
47 Lot-et-Garonne
58%
976 Mayotte
58%
66 Pyrénées-Orientales
58%
73 Savoie
58%
77 Seine-et-marne
58%
973 Guyane
57%
56 Morbihan
57%
64 Pyrénées-Atlantiques
57%
55 Meuse
56%
84 Vaucluse
55%
91 Essonne
54%
92 Hauts-de-Seine
54%
81 Tarn
54%
52 Haute-Marne
53%
53 Mayenne
53%
61 Orne
53%
65 Hautes-Pyrénées
52%
48 Lozère
52%
58 Nièvre
52%
76 Seine-maritime
52%
95 Val-D'Oise
52%
49 Maine-et-Loire
51%
63 Puy-de-Dôme
51%
90 Territoire de Belfort
51%
94 Val-de-Marne
51%
80 Somme
50%
82 Tarn-et-Garonne
50%
85 Vendée
50%
71 Saône-et-Loire
49%
72 Sarthe
49%
86 Vienne
49%
89 Yonne
48%
70 Haute-Saône
46%
88 Vosges
46%
79 Deux-sèvres
43%
87 Haute-Vienne
43%
Aucun quiz correspondant
Distribution des résultats
% des personnes avec chaque résultat
Percentile par nombre de réponses
Votre historique - résultats
Vous n’avez pas pris ce quiz